<?xml version="1.0" encoding="UTF-8"?>
<record
    xmlns:xsi="http://www.w3.org/2001/XMLSchema-instance"
    xsi:schemaLocation="http://www.loc.gov/MARC21/slim http://www.loc.gov/standards/marcxml/schema/MARC21slim.xsd"
    xmlns="http://www.loc.gov/MARC21/slim">

  <leader>02321nam a2200253 a 4500</leader>
  <controlfield tag="001">BRCA_8728</controlfield>
  <controlfield tag="005">20190320210400.0</controlfield>
  <controlfield tag="008">170217s1783----sp-#######---#000-0#spa-#</controlfield>
  <datafield tag="041" ind1=" " ind2=" ">
    <subfield code="a">spa</subfield>
  </datafield>
  <datafield tag="044" ind1=" " ind2=" ">
    <subfield code="a">sp</subfield>
  </datafield>
  <datafield tag="084" ind1=" " ind2=" ">
    <subfield code="a">BE77</subfield>
    <subfield code="b">.L36 1783</subfield>
  </datafield>
  <datafield tag="100" ind1="1" ind2=" ">
    <subfield code="a">Lampillas, Xavier</subfield>
    <subfield code="9">21725</subfield>
  </datafield>
  <datafield tag="245" ind1="1" ind2="0">
    <subfield code="a">Ensayo hist&#xF3;rico-apalogetico de la literatura Espa&#xF1;ola contra las opiniones preocupadas de algunos Escritores modernos Italianos</subfield>
    <subfield code="c">Disertaciones del Se&#xF1;or Abate Don Xavier Lampillas; parte segunda de la literatura moderna, tomo tercero; traducida del Italiano al Espa&#xF1;ol por Da. Josefa Amar y Borbon, residente en la Ciudad de Zaragoza, Socia de merito de la Real Sociedad Econ&#xF2;mica Aragonesa de Amigos del Pa&#xED;s.</subfield>
  </datafield>
  <datafield tag="260" ind1=" " ind2=" ">
    <subfield code="a">Zaragoza</subfield>
    <subfield code="b">En la Oficina de Blas Miedes</subfield>
    <subfield code="c">1783</subfield>
  </datafield>
  <datafield tag="300" ind1=" " ind2=" ">
    <subfield code="a">291p. (t.3)</subfield>
    <subfield code="c">19.5 x 15.5 cm.</subfield>
  </datafield>
  <datafield tag="500" ind1=" " ind2=" ">
    <subfield code="a">Con marca de fuego: &#x201C;Procedencia de la marca: Colegio de la Santa Cruz de Quer&#xE9;taro(1). Instituci&#xF3;n: Congregaci&#xF3;n de Propaganda Fide. Descripci&#xF3;n: Cruz franqueada por las s&#xED;labas &#xB4;CO&#xB4; y &#xB4;LE&#xB4; de Colegio. Figura enmarcada en un c&#xED;rculo que representa el cord&#xF3;n franciscano. Observaciones: Rafael Sala y Carlos Krausse catalogan esta marca junto con una que solo posee la s&#xED;laba &#xB4;CO&#xB4; (consultar BJML-12026) como perteneciente al Colegio de Misioneros de Propaganda Fide, de la Sant&#xED;sima Cruz de Quer&#xE9;taro. David Saavedra por su parte, hace una atribuci&#xF3;n casi id&#xE9;ntica, salvo que menciona &#xB4;de la Cruz de los Milagros de Quer&#xE9;taro&#xB4;. ------- La colecci&#xF3;n que comparte esta marca junto con una de menor tama&#xF1;o se alberga en el Convento de la Santa Cruz en Quer&#xE9;taro. ---------- La marca BEFK-12088 es, seguramente, una mala impronta de esta marca, debido a sus dimensiones. Ubicaci&#xF3;n de la marca en el libro: Canto superior e inferior&#x201D;</subfield>
  </datafield>
  <datafield tag="500" ind1=" " ind2=" ">
    <subfield code="a">Estado f&#xED;sico: presenta lomo semi desprendido, con presencia del pez de plata y no contiene portada</subfield>
  </datafield>
  <datafield tag="650" ind1="1" ind2="4">
    <subfield code="a">Literatura espa&#xF1;ola</subfield>
    <subfield code="y">Obras anteriores a 1800</subfield>
    <subfield code="z">Espa&#xF1;a</subfield>
    <subfield code="9">21726</subfield>
  </datafield>
  <datafield tag="650" ind1="1" ind2="4">
    <subfield code="a">Literatura comparada</subfield>
    <subfield code="e">Espa&#xF1;ola e italiana</subfield>
    <subfield code="9">21727</subfield>
  </datafield>
  <datafield tag="700" ind1="1" ind2=" ">
    <subfield code="a">Amar y Borbon, Josefa</subfield>
    <subfield code="e">tr.</subfield>
    <subfield code="9">21728</subfield>
  </datafield>
  <datafield tag="856" ind1=" " ind2=" ">
    <subfield code="a">http://www.marcasdefuego.buap.mx:8180/xmLibris/projects/firebrand/item.jsp?repository=marcas_de_fuego&amp;key=marcas_de_fuego_franciscanas_20161125150959_5ea3.xml&amp;num=147</subfield>
  </datafield>
  <datafield tag="902" ind1=" " ind2=" ">
    <subfield code="a">CFM</subfield>
  </datafield>
  <datafield tag="942" ind1=" " ind2=" ">
    <subfield code="2">lcc</subfield>
    <subfield code="c">B</subfield>
  </datafield>
  <datafield tag="999" ind1=" " ind2=" ">
    <subfield code="c">8380</subfield>
    <subfield code="d">8380</subfield>
  </datafield>
  <datafield tag="952" ind1=" " ind2=" ">
    <subfield code="0">0</subfield>
    <subfield code="1">0</subfield>
    <subfield code="4">0</subfield>
    <subfield code="7">0</subfield>
    <subfield code="a">BRCA</subfield>
    <subfield code="b">BRCA</subfield>
    <subfield code="d">2017-02-17</subfield>
    <subfield code="l">0</subfield>
    <subfield code="o">BE77 .L36 1783</subfield>
    <subfield code="p">CFM00065</subfield>
    <subfield code="r">2019-03-22 00:00:00</subfield>
    <subfield code="w">2019-03-22</subfield>
    <subfield code="y">B</subfield>
  </datafield>
</record>
